Every Harry Potter Character by a Clue and Their House - Statistics

General Stats
  • This quiz has been taken 124 times
  • The average score is 64 of 84
Answer Stats
House Films Gender Answer Clue % Correct
Gryffindor 1-8 Male George Weasley Ron's brother, has a twin, married Angelina Johnson
100%
- 1-7 Female Hedwig Harry's snowy owl
86%
- 1-3, 5, 7 Male Dudley Dursley Harry's cousin, muggle
85%
Gryffindor 1-8 Male Harry Potter "The boy who lived"
85%
Gryffindor 1-8 Female Hermione Granger Muggle-born Gryffindor prefect in Harry's year, co-founder of Dumbledore's Army, Harry's best friend
85%
Ravenclaw 5-8 Female Luna Lovegood One year below Harry, member of Dumbledore's Army, some classmates call her "Loony"
85%
Gryffindor 4-6, 8 Female Parvati Patil Same year as Harry, has an identical twin sister in Ravenclaw
85%
- 1-3 Female Petunia Dursley Harry's aunt and Lily's sister, muggle
85%
Gryffindor 1-8 Male Rubeus Hagrid Half-giant, Hogwarts gamekeeper, Care of Magical Creatures professor, and member of the Order of the Phoenix
85%
Slytherin 5-8 Female Bellatrix Lestrange Death Eater who tortured Neville Longbottom's parents into insanity. Killed her cousin Sirius.
84%
Ravenclaw 4-8 Female Cho Chang Quidditch Seeker and Harry's first love interest
84%
Gryffindor 1-3, 5-8 Female Molly Weasley Ron's mother, member of the Order of the Phoenix
84%
Gryffindor 3-5 Male Sirius Black Harry's godfather, killed by his cousin
84%
Gryffindor 1-8 Male Neville Longbottom Same age as Harry, becomes the leader of Dumbledore's Army during Harry, Ron and Hermione's absence searching for Horcruxes.
82%
Gryffindor 3-5, 7 Male Peter Pettigrew Death Eater and was part of the Marauders
82%
Ravenclaw 1 Male Quirinus Quirrel Defence Against the Dark Arts professor in during Harry's first year, possesed by Voldemort
82%
Gryffindor 1-8 Male Ron Weasley Close friend of Harry, Gryffindor prefect, co-founder of Dumbledore's Army
82%
Ravenclaw - Female Rowena Ravenclaw One of the four founders of Hogwarts, and the founder of Ravenclaw House
82%
Slytherin - Male Salazar Slytherin One of the four founders of Hogwarts, and the founder of Slytherin House
82%
Slytherin 1-8 Male Severus Snape Hogwarts professor of Potions and later Defence Against the Dark Arts, the Marauders made fun of him
82%
Slytherin 1-8 Male Tom Marvolo Riddle Slytherin student who became Voldemort
82%
Hufflepuff - Female Helga Hufflepuff One of the four founders of Hogwarts, and the founder of Hufflepuff House.
81%
Gryffindor 2-3, 5-8 Female Lavender Brown Same age as Harry, Ron's ex-girlfriend
81%
Hufflepuff 5-8 Female Nymphadora Tonks Auror and member of the Order of the Phoenix, metamorphmagus
81%
- ? Female The Fat Lady Witch who occupies the painting concealing the entrance to the Gryffindor common room
81%
Gryffindor 1-6 Male Albus Dumbledore Headmaster of Hogwarts during Harry's school years
80%
Slytherin 6 Male Regulus Black Death eater, younger brother of Harry's godfather
80%
- ? Male Crookshanks Hermione's cat
78%
Slytherin 4 Male Barty Crouch Jr Death eater, impersonates Moody with Polyjuice Potion
77%
Gryffindor 2 Male Colin Creevey One year below Harry, always with his camera, petrified in Chamber of Secrets
77%
Slytherin 5-7 Female Dolores Umbridge Hogwarts High Inquisitor and temporary headmistress of Hogwarts. She teaches Defence Against the Dark Arts during Harry's fifth year
77%
- 5-7 Male Fenrir Greyback Werewolf working for the Death Eaters
77%
Ravenclaw 1-6, 8 Male Filius Flitwick Professor of Charms and the Head of Ravenclaw House
77%
Gryffindor 1-8 Male Fred Weasley Ron's brother, has a twin, he died in the Battle of Hogwarts
77%
Gryffindor 1, 3-5, 7-8 Male James Potter Harry's father, one of the Marauders
77%
Ravenclaw 4-5 Male Alastor Moody Retired Auror and member of the Order of the Phoenix. Known as "Mad-Eye"
76%
Hufflepuff 4 Male Cedric Diggory Prefect two years above Harry, competed in the Triwizard Tournament
76%
Gryffindor ? Male Charlie Weasley Second son of the Weasleys, works with dragons in Romania
76%
Gryffindor ? Male Nearly Headless Nick The ghost of Gryffindor House, he was the victim of a botched beheading, which left his head barely attached to his neck
76%
Gryffindor 3, 5, 7 Male Remus Lupin Professor of Defence Against the Dark Arts in Harry's third year, and member of the Order of the Phoenix, werewolf
76%
Gryffindor 2-8 Male Arthur Weasley Member of the Order of the Phoenix, works in the Misuse of Muggle Artefacts Office at the Ministry of Magic, Ron's dad
75%
Gryffindor 3, 5, 7-8 Male Bill Weasley Eldest Weasley brother, married Fleur Delacour
75%
- 2, 7 Male Dobby House-elf belonging to the Malfoy family, tried to discourage Harry from returning to Hogwarts
75%
- 4-5, 7-8 Female Fleur Delacour Champion from Beauxbatons in the Triwizard Tournament
75%
Ravenclaw 1, 5, 7 Male Garrick Ollivander Wandmaker and owner of a wand shop
75%
Gryffindor 1-8 Female Ginny Weasley Ron's sister, Seeker and Chaser for the Quidditch team
75%
Gryffindor - Male Godric Gryffindor One of the four founders of Hogwarts, and the founder of Gryffindor House
75%
Slytherin 1-2, 4-8 Male Gregory Goyle Same year as Harry. Beater for the Slytherin Quidditch team and member of the Inquisitorial Squad. Friends with Draco
75%
Hufflepuff 2, 4 Female Hannah Abbott Same age as Harry, member of Dumbledore's army, marries Nevile
75%
Slytherin 1-8 Male Lord Voldemort Killed many of his own family members and countless other wizards and Muggles. Killed Harry's parents but failed to kill Harry, also known as the Dark Lord
75%
Slytherin 2-5, 7-8 Male Lucius Malfoy Death Eater. Father of Draco and husband of Narcissa Malfoy.
75%
Ravenclaw 2, 4 Female Myrtle Warren / Moaning Myrtle Killed by a Basilisk in a bathroom, which she haunts as a ghost after her death
75%
Slytherin 5-8 Female Narcissa Malfoy Mother of Draco and wife of Lucius Malfoy. Sister of Bellatrix Lestrange and Andromeda Tonks
75%
Slytherin 2, 4-8 Female Rita Skeeter Reporter and tabloid journalist for the Daily Prophet and an unregistered Animagus
75%
- 1-3, 5-8 Male Vernon Dursley Harry's uncle, muggle
75%
- 4 Male Viktor Krum Bulgarian Quidditch Seeker and Durmstrang student who participates in the Triwizard Tournament
75%
Ravenclaw 2 Male Gilderoy Lockhart Defence Against the Dark Arts professor and fraudulent celebrity author. Loses his memory after a spell backfires.
73%
Gryffindor 1-8 Female Minerva McGonagall Transfiguration professor, Head of Gryffindor House, Deputy Headmistress of Hogwarts, and member of the Order of the Phoenix. Animagus.
73%
Ravenclaw 4-8 Female Padma Patil Ravenclaw prefect in Harry's year, has an identical twin sister in Gryffindor
73%
Gryffindor 1-5, 8 Male Percy Weasley Ron's brother, becomes estranged from his family but fights alongside them in the Battle of Hogwarts
73%
Gryffindor 5, 7-8 Male Aberforth Dumbledore Albus' brother, member of the Order of the Phoenix, helped Harry in Deathly Hallows
72%
- 1-2, 5 Male Argus Filch Squib caretaker of Hogwarts, owns a cat
72%
- ? Male Buckbeak Hippogriff belonging first to Hagrid, was sentenced to death
72%
Slytherin 5 Male Cornelius Fudge Minister for Magic in the first five novels
72%
Gryffindor 1-6, 8 Male Dean Thomas Same year as Harry and one of his roomates, member of the Dumbledore's Army
72%
Slytherin 1-8 Male Draco Malfoy Same age as Harry, Quidditch Seeker, prefect, member of the Inquisitorial Squad and eventual Death Eater
72%
Slytherin 5-6 Male Horace Slughorn Former Potions professor and Head of Slytherin House who returns to teaching for Harry's sixth year
72%
Gryffindor 1, 3-8 Female Lily Potter Harry's mother, member of the Order of the Phoenix
72%
Gryffindor 1-2, 5, 8 Male Oliver Wood Gryffindor Quidditch Keeper and captain who is four years above Harry
72%
Hufflepuff 1-2 Female Susan Bones Same age as Harry, member of Dumbledore's army, niece of Amelia and Edgar Bones
72%
Slytherin 1-6 Male Vincent Crabbe Draco's and Goyle's other friend, Quidditch Beater
72%
Gryffindor 1-4 Female Angelina Johnson Chaser for the Gryffindor Quidditch team two years above Harry, and later team captain. Participates in the Battle of Hogwarts
71%
- ? Male Peeves A mischievous Hogwarts poltergeist
71%
Slytherin ? Male The Bloody Baron The ghost of Slytherin House. He murdered Helena Ravenclaw (who became the Grey Lady), then killed himself.
71%
Ravenclaw 7 Male Xenophilius Lovegood Father of Luna Lovegood and editor of the tabloid magazine The Quibbler
71%
Gryffindor 1-3, 5-8 Female Katie Bell Quidditch Chaser one year above Harry, member of Dumbledore's army, was cursed because of a necklace in Half-Blood prince
70%
Slytherin 7-8 Male Mundungus Fletcher Petty thief and member of the Order of the Phoenix. Keeps Dumbledore notified of happenings in the criminal element of the wizarding world
70%
Ravenclaw ? Female The Gray Lady The ghost of Ravenclaw House, in life she was Helena Ravenclaw
70%
- ? Male Fawkes Phoenix belonging to Dumbledore, saves Harry from the Basilisk inside the Chamber of Secrets
68%
Hufflepuff 2, 5, 8 Female Pomona Sprout Hogwarts Herbology professor and Head of Hufflepuff House
68%
- ? Male Scabbers Ron Weasley's pet rat who is actually the wizard Peter Pettigrew
66%
Gryffindor 1-8 Male Seamus Finnigan Same age as Harry, in Order of the Phoenix was initially against Harry, but then he joins Dumbledore's Army
66%
Ravenclaw 2, 5-6, 8 Female Poppy Ponfrey Hogwarts school nurse
63%
Ravenclaw 5-6, 8 Female Sybill Trelawney Hogwarts Divination professor. Uttered a prophecy that prompted Voldemort to attack the Potters
63%
No matching quizzes found
Score Distribution
Percent of People with Each Score
Percentile by Number Answered
Your Score History
You have not taken this quiz